Statistics for Hottest Countries By Continent

Click here to take the quiz!

General Stats

  • This quiz has been taken 948 times
    (788 since last reset)
  • The average score is 4 of 6

Answer Stats

Highest TemperatureContinentCountry% Correct
50.7 °C (123.3 °F)Australia/OceaniaAustralia
86%
56.7 °C (134 °F)North AmericaUnited States
81%
48.0 °C (118.4 °F )EuropeGreece
76%
49.1 °C (120.4 °F)South AmericaArgentina
70%
57.8 °C (136.0 °F)AfricaLibya
57%
54.0 °C (129.2 °F)AsiaIsrael
34%

Score Distribution

Percentile by Number Answered

Percent of People with Each Score

Your Score History

You have not taken this quiz since the last reset